Proceedings of the Helminthological Society of Washington.

Bibliographic Details
New Title:Journal of the Helminthological Society of Washington (OCoLC)21171214
Corporate Author: Helminthological Society of Washington
Format: Journal
Language:English
Published: Lawrence, Kan. : Helminthological Society of Washington.
Subjects:
Online Availability: Check for online availability

MARC

Tag First Indicator Second Indicator Subfields
LEADER 00000cas a2200000 a 4500
001 in00000093448
005 20150927070145.0
008 750907d19341989dcufr1p 1uuua0eng
010 |a  65032051  
022 |a 0018-0130 
030 |a PHSWAW 
035 |a (OCoLC)01604661 
035 |9 AAL5294AM 
040 |a MUL  |c MUL  |d NSD  |d OCL  |d TXA  |d UtOrBLW 
042 |a nsdp 
049 |a TXAE  
050 0 |a QL386  |b .H42 
210 1 |a Proc. Helminthol. Soc. Wash. 
222 0 |a Proceedings of the Helminthological Society of Washington 
245 0 0 |a Proceedings of the Helminthological Society of Washington. 
264 1 |a Lawrence, Kan. :  |b Helminthological Society of Washington. 
300 |a 56 volumes :  |b illustrations ;  |c 26 cm. 
336 |a text  |b txt  |2 rdacontent 
337 |a unmediated  |b n  |2 rdamedia 
338 |a volume  |b nc  |2 rdacarrier 
362 1 |a Vol. 1 (Mar. 1934)-v. 56, no. 2 (July 1989). 
580 |a The Proceedings of the 1st-15th meetings were published in Science(Weekly), new ser. v. 33, no. 840 (Feb. 1911)-new ser. v. 37, no. 954 (Apr. 1913); 16th-156th in the Journal of Parasitology, v. 1 (Sept. 1914)-v. 20, no. 2 (Dec. 1933). 
650 0 |a Helminthology  |x Periodicals. 
710 2 |a Helminthological Society of Washington. 
777 1 |t Science (Weekly)  |x 0036-8075 (OCoLC)1644869 
777 1 |t Journal of parasitology  |x 0022-3395 (OCoLC)1606759 
785 0 0 |t Journal of the Helminthological Society of Washington (OCoLC)21171214 
999 |a MARS 
999 f f |s 9611f6a0-10bc-365a-a97a-1211579e8669  |i 7fdc9350-3803-3133-a85f-3b09a1c63de1  |t 0 
952 f f |a Texas A&M University  |b Rellis Campus  |c Joint Library Facility  |d Remote Storage  |e QL386 .H42  |h Library of Congress classification  |i unmediated -- volume  |k v.1 -v.4  |l 1934-1937  |m A14816923360  |p normal  |s JLF  |t 0 
952 f f |a Texas A&M University  |b Rellis Campus  |c Joint Library Facility  |d Remote Storage  |e QL386 .H42  |h Library of Congress classification  |i unmediated -- volume  |k v.28-29  |l 1961-1962  |m A14831314049  |p ric  |s JLF  |t 0 
952 f f |a Texas A&M University  |b Rellis Campus  |c Joint Library Facility  |d Remote Storage  |e QL386 .H42  |h Library of Congress classification  |i unmediated -- volume  |k v.12-15  |l 1945-1948  |m A14831313849  |p ric  |s JLF  |t 0 
952 f f |a Texas A&M University  |b Rellis Campus  |c Joint Library Facility  |d Remote Storage  |e QL386 .H42  |h Library of Congress classification  |i unmediated -- volume  |k v.40-41  |l 1973-1974  |m A14831314120  |p ric  |s JLF  |t 0 
952 f f |a Texas A&M University  |b Rellis Campus  |c Joint Library Facility  |d Remote Storage  |e QL386 .H42  |h Library of Congress classification  |i unmediated -- volume  |k v.23-25  |l 1956-1958  |m A14831314007  |p ric  |s JLF  |t 0 
952 f f |a Texas A&M University  |b Rellis Campus  |c Joint Library Facility  |d Remote Storage  |e QL386 .H42  |h Library of Congress classification  |i unmediated -- volume  |k v.5-8  |l 1938-1941  |m A14837360763  |p ric  |s JLF  |t 0 
952 f f |a Texas A&M University  |b Rellis Campus  |c Joint Library Facility  |d Remote Storage  |e QL386 .H42  |h Library of Congress classification  |i unmediated -- volume  |k v.42-43  |l 1975-1976  |m A14827485121  |p ric  |s JLF  |t 0 
952 f f |a Texas A&M University  |b Rellis Campus  |c Joint Library Facility  |d Remote Storage  |e QL386 .H42  |h Library of Congress classification  |i unmediated -- volume  |k v.54-55  |l 1987-1988  |m A14811736263  |p ric  |s JLF  |t 0 
952 f f |a Texas A&M University  |b Rellis Campus  |c Joint Library Facility  |d Remote Storage  |e QL386 .H42  |h Library of Congress classification  |i unmediated -- volume  |k v.38-39  |l 1971-1972  |m A14827485105  |p ric  |s JLF  |t 0 
952 f f |a Texas A&M University  |b Rellis Campus  |c Joint Library Facility  |d Remote Storage  |e QL386 .H42  |h Library of Congress classification  |i unmediated -- volume  |k v.32-33  |l 1965-1966  |m A14831314447  |p ric  |s JLF  |t 0 
952 f f |a Texas A&M University  |b Rellis Campus  |c Joint Library Facility  |d Remote Storage  |e QL386 .H42  |h Library of Congress classification  |i unmediated -- volume  |k v.44-45  |l 1977-1978  |m A14831314332  |p ric  |s JLF  |t 0 
952 f f |a Texas A&M University  |b Rellis Campus  |c Joint Library Facility  |d Remote Storage  |e QL386 .H42  |h Library of Congress classification  |i unmediated -- volume  |k v.30-31  |l 1963-19644  |m A14831314081  |p ric  |s JLF  |t 0 
952 f f |a Texas A&M University  |b Rellis Campus  |c Joint Library Facility  |d Remote Storage  |e QL386 .H42  |h Library of Congress classification  |i unmediated -- volume  |k v.16-19  |l 1949-1952  |m A14831313881  |p ric  |s JLF  |t 0 
952 f f |a Texas A&M University  |b Rellis Campus  |c Joint Library Facility  |d Remote Storage  |e QL386 .H42  |h Library of Congress classification  |i unmediated -- volume  |k v.56  |l 1989  |m A14812110614  |p ric  |s JLF  |t 0 
952 f f |a Texas A&M University  |b Rellis Campus  |c Joint Library Facility  |d Remote Storage  |e QL386 .H42  |h Library of Congress classification  |i unmediated -- volume  |k v.36-37  |l 1969-1970  |m A14831314293  |p ric  |s JLF  |t 0 
952 f f |a Texas A&M University  |b Rellis Campus  |c Joint Library Facility  |d Remote Storage  |e QL386 .H42  |h Library of Congress classification  |i unmediated -- volume  |k v.52-53  |l 1985-1986  |m A14823667763  |p ric  |s JLF  |t 0 
952 f f |a Texas A&M University  |b Rellis Campus  |c Joint Library Facility  |d Remote Storage  |e QL386 .H42  |h Library of Congress classification  |i unmediated -- volume  |k v.26-27  |l 195-1960  |m A14831313962  |p ric  |s JLF  |t 0 
952 f f |a Texas A&M University  |b Rellis Campus  |c Joint Library Facility  |d Remote Storage  |e QL386 .H42  |h Library of Congress classification  |i unmediated -- volume  |k v.9-11  |l 1942-1944  |m A14827481884  |p ric  |s JLF  |t 0 
952 f f |a Texas A&M University  |b Rellis Campus  |c Joint Library Facility  |d Remote Storage  |e QL386 .H42  |h Library of Congress classification  |i unmediated -- volume  |k v.50-51  |l 1983-1984  |m A14831314374  |p ric  |s JLF  |t 0 
952 f f |a Texas A&M University  |b Rellis Campus  |c Joint Library Facility  |d Remote Storage  |e QL386 .H42  |h Library of Congress classification  |i unmediated -- volume  |k v.48-49  |l 1981-1982  |m A14821474821  |p ric  |s JLF  |t 0 
952 f f |a Texas A&M University  |b Rellis Campus  |c Joint Library Facility  |d Remote Storage  |e QL386 .H42  |h Library of Congress classification  |i unmediated -- volume  |k v.46-47  |l 1979-1980  |m A14831314162  |p ric  |s JLF  |t 0 
952 f f |a Texas A&M University  |b Rellis Campus  |c Joint Library Facility  |d Remote Storage  |e QL386 .H42  |h Library of Congress classification  |i unmediated -- volume  |k v.20-22  |l 1953-1955  |m A14831313920  |p ric  |s JLF  |t 0 
952 f f |a Texas A&M University  |b Rellis Campus  |c Joint Library Facility  |d Remote Storage  |e QL386 .H42  |h Library of Congress classification  |i unmediated -- volume  |k v.34-35  |l 1967-1968  |m A14831314251  |p ric  |s JLF  |t 0 
998 f f |a QL386 .H42  |s v.1 (1934)-v.56 (1989)  |t 0  |l Remote Storage